| 000 | 00518nam a22001697a 4500 | ||
|---|---|---|---|
| 999 |
_c8663 _d8663 |
||
| 008 | 201209b ||||| |||| 00| 0 eng d | ||
| 040 | _aBMS College of Architecture | ||
| 100 | _aNadiger, S Sneha | ||
| 245 | _aCentre for Indian music experience | ||
| 300 | _aNA | ||
| 500 | _a1BM12AT068 | ||
| 502 |
_8B,Arch _NBMS College of Architecture, Visvesvaraya Technological University (VTU) _aProject report _d2016 |
||
| 650 | _aNA | ||
| 700 |
_aP S Mamatha _eGuide |
||
| 700 |
_aRema Vaidyanthan _eGuide |
||
| 942 |
_2ddc _cTHE |
||